000 01964nam a2200301Ia 4500
003 OSt
005 20220407164128.0
008 220325t2008||||xx |||||||||||||| ||ing||
020 _a9780867154856
040 _aODONTO
_bspa
_cODONTO
_dODONTO
041 _aing
082 _a617.692 P574:4
100 _aPhoenix, Rodney
_91304
245 0 _a Stewart´s clinical removable partial prosthodontics /
_c Rodney D. Phoenix, David R. Cagna, Charles F. DeFreest. --
250 _a4 ed.
260 _aChicago :
_bQuintessence Publishing,
_c2008.
300 _a517 p. :
_bil. ;
_c28 cm.
500 _aIntroduction and classification -- Major connectors, minor connectors, rests, and rest seats -- Direct retainers, indirect retainers, and tooth replacements -- Mechanical principles associated with removable partial dentures -- The first diagnostic appointment -- The second diagnostic appointment -- Survey and design -- I-bar removable partial dentures -- Implant-assisted removable partial dentures -- Mouth preparation and master cast -- Laboratory procedures for framework construction -- Fitting the framework -- Special impression procedures for tooth-tissue-supported removable partial dentures -- Establishing occlusal relationships -- Try-in and completion of the partial denture -- Delivering the removable partial denture -- Postinsertion observations -- Maintenance and repair of removable partial dentures -- Interim, transitional, and treatment prostheses -- Other forms of removable partial dentures -- Attachments for removable partial dentures.
504 _aBibliografía capitular e index.
650 0 2 _aDentaduras postizas
_91006
650 0 2 _aPuentes (odontología)
_9386
650 0 2 _aPrótesis dental
_9818
650 0 2 _a Materiales dentales
_9757
650 0 2 _aImplantes dentarios
_91305
700 0 _aCagna, David R
_91300
700 0 _aDeFreest, Charles F
_91306
942 _aBiblioteca de la Facultad de Odontología
_cBK
_k617.692 P574:4
_2ddc
999 _c434
_d434